Devotional Alphabertical Family Bible (Record no. 4637)
[ view plain ]
| 000 -LEADER | |
|---|---|
| fixed length control field | 00562nam a2200229 a 4500 |
| 020 ## - INTERNATIONAL STANDARD BOOK NUMBER | |
| ISBN | |
| 082 00 - DEWEY DECIMAL CLASSIFICATION NUMBER | |
| Classification number | 220.4 |
| Author Cutter | DEV |
| 245 ## - TITLE STATEMENT | |
| Title | Devotional Alphabertical Family Bible |
| 260 ## - PUBLICATION, DISTRIBUTION, ETC. (IMPRINT) | |
| Place of publication | Kansas (USA) |
| Name of publisher | De Vore and Sons |
| Year of publication | 1960 |
| 300 ## - PHYSICAL DESCRIPTION | |
| Number of Pages | 1088p |
| 500 ## - GENERAL NOTE | |
| General note | includes index and biblioraphy |
| 505 2# - FORMATTED CONTENTS NOTE | |
| Formatted contents note | Index |
| 650 ## - SUBJECT ADDED ENTRY--TOPICAL TERM | |
| Topical Term | Bible-Concordance |
| 942 ## - ADDED ENTRY ELEMENTS (KOHA) | |
| Koha item type | Books |
| Collection code | Home library | Current library | Shelving location | Date acquired | Cost, normal purchase price | Full call number | Accession Number | Koha item type |
|---|---|---|---|---|---|---|---|---|
| Reference | Henry Martyn Institute Library | Henry Martyn Institute Library | Reference | 06/20/2007 | 2500.00 | 220.4 DEV | 06328 | Books |
